Statistiques concernant Culture Générale - Série 1109

Cliquez ici pour prendre le quiz!

Statistiques générales

  • Ce quiz a été pris 33 fois
  • Le résultat moyen est 5 sur 10

Statistiques - réponses

Question Réponse % Correct
Quel est le plus vaste désert du monde ?Sahara
88%
Quel est le nom de l'imprimeur allemand du 15e siècle, inventeur de la presse à imprimer, vers 1440 ?Gutenberg
84%
Quel sculpteur français fut l'amant de la sculptrice et artiste peintre Camille Claudel ?Auguste Rodin
72%
En 1890, quel peintre néerlandais réalise la toile intitulée "L'Église d'Auvers" ?Vincent Van Gogh
69%
De quel pays, Zine el-Abidine Ben Ali, fut-il le Président de 1987 à 2011 ?Tunisie
69%
Quel roi légendaire est le chef suprême des Grecs pendant la guerre de Troie ?Agamemnon
41%
De quel pays africain Omar Bongo a-t-il été le président de 1967 à 2009 ?Gabon
34%
De quel roi de France Agnès Sorel fut-elle la maîtresse officielle ?Charles VII
25%
Qui réalise “True Lies” en 1994, avec Arnold Schwarzenegger et Jamie Lee Curtis ?James Cameron
9%
Quel cépage est utilisé pour élaborer un chablis blanc ?chardonnay
6%

Distribution des résultats

Percentile par nombre de réponses

% des personnes avec chaque résultat

Votre développement - résultats

Vous n’avez pas pris ce quiz